Managerial economics and operations research : techniques, applications, cases

Αποθηκεύτηκε σε:
Λεπτομέρειες βιβλιογραφικής εγγραφής
Άλλοι συγγραφείς: Mansfield, Edwin (Επιμελητής έκδοσης)
Μορφή: Βιβλίο
Γλώσσα:English
Δημοσίευση: New York : W.W. Norton & Company, c1987.
Έκδοση:5η εκδ.
Θέματα:
Ετικέτες: Προσθήκη ετικέτας
Δεν υπάρχουν, Καταχωρήστε ετικέτα πρώτοι!

MARC

LEADER 00000cam a2200000 i 4500
001 1/105713
008 000328s1987 us ||| | eng||
020 |a 0393955907 
035 |l 10059356 
040 |a GR-MyUA  |b gre  |e AACR2 
041 0 |a eng 
082 0 |a 338.5024658 
245 1 0 |a Managerial economics and operations research :   |b techniques, applications, cases /   |c edited by Edwin Mansfield.  
250 |a 5η εκδ.  
260 |a New York :   |b W.W. Norton & Company,   |c c1987.  
300 |a xiv, 590 σ. :   |b εικ. ;   |c 21 εκ.  
504 |a Περιλαμβάνει βιβλιογραφικές αναφορές.  
650 0 0 |a Managerial economics. 
650 0 0 |a Operations research. 
700 1 |a Mansfield, Edwin,  |e edt 
852 |a INST  |b SAMOS  |e 20000328  |h 338.5024658 MAN  |p 005300017822  |q 005300017822  |t BK  |y 0 
901 |a BIBL3-2000-1 
909 |a Σ  |b 076886 
922 |a 3ΕΛΗ  |b 200003  |c ΚΠΣ  |d ΠΑΠΑΣΩΤΗΡΙΟΥ 
950 |a 116-2000-01-12 
970 |a ΚΟΣΙΕΡΗΣ  |b ΧΡΗΣΤΟΣ  |z 2000/03/30